00858nam a2200205 a 4500001001000000003000500010005001700015008004100032010001100073011001100084040000900095100004000104245016200144260004100306500006000347502007900407650005800486650003800544856007000582000114478CHAP20220329144443.0180201s2017 mx a fsm |||||||spa d a110939 a111911 cCHAP1 aHerrera Saucedo, Ma. de los Angeles10aInhibición del crecimiento de Fusarium oxysporum con extractos de Argemone mexicana L. (Chicalote) /h[En línea]cpor Ma. de los Angeles Herrera Saucedo. aChapingo, Méx. :bEl autor,c2017. aPara ver el contenido del material haga clic en la liga aTesis (Agr. en Horticultura Protegida) -- UACH. Departamento de Fitotecnia14aAceites esencialesxEfecto en hongos fitopatógenos.14aArgemone mexicana como fungicida. aFinding aiduhttp://10.13.5.2/tesis/sist114478.pdfzTeclea aquí